[Event "Sombor Milicevic Memorial"]
[Site "Sombor"]
[Date "2018.10.29"]
[Round "7"]
[White "Stojanovski, Bozidar"]
[Black "Matkovic, Simana"]
[Result "0-1"]
[WhiteElo "1775"]
[BlackElo "1943"]
[PlyCount "56"]
[EventDate "2018.10.15"]
[EventType "swiss"]
[EventRounds "9"]
[EventCountry "SRB"]
[SourceTitle "EXT 2021"]
[Source "ChessBase"]
[SourceDate "2020.10.23"]
[SourceVersion "1"]
[SourceVersionDate "2020.10.23"]
[SourceQuality "1"]

1. e4 c5 2. f4 d6 3. Nf3 g6 4. g3 Bg7 5. Bg2 Nc6 6. Nc3 e6 7. 0-0 Nge7 8. d3 0-0 9. Kh1 Rb8 10. Qe1 Nd4 11. Nxd4 cxd4 12. Ne2 Qc7 13. c3 Nc6 14. g4 f5 15. g5 b6 16. Bd2 Ba6 17. Rf3 Rbc8 18. Qh4 fxe4 19. Rh3 Bxd3 20. Ng3 d5 21. Qxh7+ Kf7 22. Rh6 Ne7 23. Nh5 Rg8 24. Bh3 Qd6 25. cxd4 a5 26. Bc3 Be2 27. f5 exf5 28. Bxf5 Nxf5 0-1

[Event "Sombor Milicevic Memorial"]
[Site "Sombor"]
[Date "2017.11.29"]
[Round "8"]
[White "Stojanovski, Bozidar"]
[Black "Novakovic, Aleksandar"]
[Result "1-0"]
[WhiteElo "1750"]
[BlackElo "1993"]
[PlyCount "99"]
[EventDate "2017.11.13"]
[EventType "swiss"]
[EventRounds "9"]
[EventCountry "SRB"]
[SourceTitle "EXT 2019"]
[Source "ChessBase"]
[SourceDate "2018.10.10"]
[SourceVersion "1"]
[SourceVersionDate "2018.10.10"]
[SourceQuality "1"]

1. e4 e5 2. Nf3 Nc6 3. Bb5 a6 4. Bxc6 dxc6 5. d4 exd4 6. Qxd4 Qxd4 7. Nxd4 Bc5 8. Nb3 Bb6 9. Nc3 Nf6 10. h3 Be6 11. f3 h6 12. Bd2 0-0-0 13. 0-0-0 Nd7 14. f4 f6 15. f5 Bf7 16. Bf4 Rhe8 17. Rhe1 Re7 18. Be3 Rde8 19. Bxb6 Nxb6 20. Re3 Nc4 21. Red3 Nd6 22. Nd2 b6 23. g3 Re5 24. a3 Bc4 25. Rxd6 Bd5 26. Rxd5 cxd5 27. Nxd5 b5 28. Nf4 R5e7 29. Ne6 Kb7 30. Nb3 Kb6 31. Rd4 a5 32. c4 b4 33. axb4 axb4 34. Rd5 c6 35. Ra5 Rg8 36. c5+ Kb7 37. Ra4 g6 38. Rxb4+ Kc8 39. Rb6 Kd7 40. Rb7+ Ke8 41. Rb8+ Kf7 42. Rxg8 Kxg8 43. Nbd4 gxf5 44. exf5 Rd7 45. Nxc6 Kf7 46. Ncd8+ Ke7 47. c6 Rxd8 48. Nxd8 Kxd8 49. b4 Kc7 50. b5 1-0

[Event "Sombor Milicevic Memorial"]
[Site "Sombor"]
[Date "2017.11.15"]
[Round "2"]
[White "Stojanovski, Bozidar"]
[Black "Gajcin, Aleksa"]
[Result "1/2-1/2"]
[WhiteElo "1750"]
[BlackElo "1498"]
[PlyCount "55"]
[EventDate "2017.11.13"]
[EventType "swiss"]
[EventRounds "9"]
[EventCountry "SRB"]
[SourceTitle "EXT 2019"]
[Source "ChessBase"]
[SourceDate "2018.10.10"]
[SourceVersion "1"]
[SourceVersionDate "2018.10.10"]
[SourceQuality "1"]

1. b3 c5 2. Bb2 Nc6 3. g3 Nf6 4. Bg2 g6 5. d3 Bg7 6. Nd2 0-0 7. e3 d6 8. Ne2 Bg4 9. a3 a5 10. h3 Bxe2 11. Qxe2 e5 12. 0-0 Qd7 13. Kh2 Rfe8 14. g4 d5 15. Rab1 Qc7 16. Kh1 d4 17. e4 b5 18. Nf3 Qd7 19. Bc1 c4 20. g5 Nh5 21. dxc4 bxc4 22. Qxc4 Nf4 23. Bxf4 exf4 24. Qd5 Qc7 25. Rfe1 Ne5 26. Nxe5 Bxe5 27. Re2 Rad8 28. Qb5 1/2-1/2

[Event "SRB-ch U18"]
[Site "Subotica"]
[Date "2014.04.21"]
[Round "7"]
[White "Vucinic, Gojko"]
[Black "Stojanovski, Bozidar"]
[Result "1-0"]
[WhiteElo "2323"]
[BlackElo "1733"]
[PlyCount "67"]
[EventDate "2014.04.17"]
[EventType "swiss"]
[EventRounds "9"]
[EventCountry "SRB"]
[SourceTitle "CBM 160 Extra"]
[Source "ChessBase"]
[SourceDate "2014.07.01"]
[SourceVersion "1"]
[SourceVersionDate "2014.07.01"]
[SourceQuality "1"]

1. e4 Nc6 2. Nf3 e6 3. d4 d5 4. e5 Nge7 5. c3 b6 6. Bd3 Bb7 7. Qe2 Qd7 8. Nbd2 0-0-0 9. b4 Ng6 10. Nb3 Be7 11. b5 Nb8 12. h4 c5 13. bxc6 Nxc6 14. h5 Nf8 15. 0-0 f6 16. Bf4 fxe5 17. Nxe5 Nxe5 18. Bxe5 Bf6 19. f4 Bxe5 20. fxe5 g6 21. h6 Qe7 22. a4 a5 23. Rab1 Rd7 24. Nc1 Qd8 25. Qb2 Qg5 26. Qxb6 Qe3+ 27. Rf2 Rf7 28. Qb2 g5 29. Qe2 Qxf2+ 30. Qxf2 Rxf2 31. Kxf2 Nd7 32. Rb5 Rf8+ 33. Ke2 g4 34. Ke3 1-0

[Event "SRB-ch U18"]
[Site "Subotica"]
[Date "2014.04.19"]
[Round "3"]
[White "Stojanovski, Bozidar"]
[Black "Kovacevic, Marko D"]
[Result "0-1"]
[WhiteElo "1733"]
[BlackElo "1823"]
[PlyCount "76"]
[EventDate "2014.04.17"]
[EventType "swiss"]
[EventRounds "9"]
[EventCountry "SRB"]
[SourceTitle "CBM 160 Extra"]
[Source "ChessBase"]
[SourceDate "2014.07.01"]
[SourceVersion "1"]
[SourceVersionDate "2014.07.01"]
[SourceQuality "1"]

1. c4 e5 2. b3 Nc6 3. Bb2 Bc5 4. g3 d6 5. Bg2 Nf6 6. e4 Ng4 7. Nh3 f5 8. f3 Nf6 9. Nf2 a5 10. a3 fxe4 11. fxe4 Bxf2+ 12. Kxf2 0-0 13. Kg1 Bg4 14. Qc2 Qd7 15. h3 Bh5 16. d3 Nd4 17. Bxd4 exd4 18. Kh2 Qe6 19. Rf1 Qe5 20. a4 Bg6 21. Nd2 Nh5 22. Rxf8+ Rxf8 23. Nf1 Be8 24. Qe2 Rf6 25. Ra2 Bd7 26. Bf3 Rh6 27. Bg4 Nf6 28. Bxd7 Nxd7 29. Qg4 Qe6 30. Qxe6+ Rxe6 31. Nd2 Ne5 32. Kg2 Nxd3 33. Kf3 Ne5+ 34. Ke2 Rg6 35. Nf1 Rh6 36. h4 Rg6 37. Rd2 c5 38. Rb2 Rg4 0-1

[Event "SRB-ch U18"]
[Site "Subotica"]
[Date "2014.04.18"]
[Round "2"]
[White "Milicevic, Matija"]
[Black "Stojanovski, Bozidar"]
[Result "1/2-1/2"]
[WhiteElo "1877"]
[BlackElo "1733"]
[PlyCount "61"]
[EventDate "2014.04.17"]
[EventType "swiss"]
[EventRounds "9"]
[EventCountry "SRB"]
[SourceTitle "CBM 160 Extra"]
[Source "ChessBase"]
[SourceDate "2014.07.01"]
[SourceVersion "1"]
[SourceVersionDate "2014.07.01"]
[SourceQuality "1"]

1. e4 Nc6 2. d4 d5 3. Nc3 dxe4 4. d5 Nb8 5. Nxe4 Bf5 6. Ng3 Bg6 7. Nh3 e6 8. dxe6 Qxd1+ 9. Kxd1 fxe6 10. Nf4 Bf7 11. Bc4 e5 12. Bxf7+ Kxf7 13. Nd3 Nc6 14. Re1 Rd8 15. Bd2 Bd6 16. c3 e4 17. Nxe4 Bxh2 18. Kc2 Bd6 19. Nxd6+ cxd6 20. Bf4 Rd7 21. Rad1 Nf6 22. Rd2 h6 23. f3 g5 24. Bg3 Rhd8 25. Rde2 h5 26. f4 g4 27. Bh4 Re8 28. Nf2 Rxe2+ 29. Rxe2 d5 30. Bxf6 Kxf6 31. Re8 1/2-1/2